Stability theory of structures (Record no. 11602)

000 -LEADER
fixed length control field 00539nam a2200205 4500
001 - CONTROL NUMBER
control field 11602
003 - CONTROL NUMBER IDENTIFIER
control field BD-DhUET
008 - FIXED-LENGTH DATA ELEMENTS--GENERAL INFORMATION
fixed length control field 150217b xxu||||| |||| 00| 0 eng d
020 ## - INTERNATIONAL STANDARD BOOK NUMBER
International Standard Book Number 0074515160
040 ## - CATALOGING SOURCE
Transcribing agency 0
Modifying agency BD-DhUET
082 ## - DEWEY DECIMAL CLASSIFICATION NUMBER
Classification number 624.17
Item number KUM/1985
100 ## - MAIN ENTRY--PERSONAL NAME
Personal name Kumar, Ashwini
245 ## - TITLE STATEMENT
Title Stability theory of structures
250 ## - EDITION STATEMENT
Edition statement 1st ed.
260 ## - PUBLICATION, DISTRIBUTION, ETC. (IMPRINT)
Place of publication, distribution, etc. New Delhi
Name of publisher, distributor, etc. Tata McGraw-Hill Publishing
Date of publication, distribution, etc. 1985
300 ## - PHYSICAL DESCRIPTION
Extent x,195 p.
Other physical details ill.
504 ## - BIBLIOGRAPHY, ETC. NOTE
Bibliography, etc Includes bibliographies
650 #0 - SUBJECT ADDED ENTRY--TOPICAL TERM
Topical term or geographic name as entry element Stability : Structural engineering
942 ## - ADDED ENTRY ELEMENTS (KOHA)
Koha item type General Book
Holdings
Source of classification or shelving scheme Koha normalized classification for sorting Sublocation or collection (holding branch) Copy number Withdrawn status Koha date last seen Piece designation (barcode) Not for loan Location (home branch) Koha full call number Date acquired Koha item type Shelving location Damaged status Lost status Price effective from
 624_170000000000000_KUM_1985Central Library, BUET1 2015-02-1765949 Central Library, BUET624.17/KUM/19852015-02-17General BookCirculation section  2015-02-17
 624_170000000000000_KUM_1985Central Library, BUET2 2015-02-1765947 Central Library, BUET624.17/KUM/19852015-02-17General BookCirculation section  2015-02-17
 624_170000000000000_KUM_1985Central Library, BUET3 2015-02-1765948 Central Library, BUET624.17/KUM/19852015-02-17General BookCirculation section  2015-02-17
 624_170000000000000_KUM_1985Central Library, BUET4 2015-02-1965950  Central Library, BUET624.17 /KUM/19852015-02-19General BookCirculation section  2015-02-19
 624_170000000000000_KUM_1985Central Library, BUET5 2015-03-1265946 Central Library, BUET624.17/KUM/19852015-03-12General BookCirculation section  2015-03-12